Flores - Statistics

Estatísticas Gerais
  • Esse quiz foi jogado 124 vezes
  • A pontuação média é 5 de 15
Estatísticas das Respostas
Imagem Resposta % Correto
Girassol
95%
Dente de leão
80%
Lírio
63%
Rosas
58%
Margaridas
56%
Tulipas
53%
Cravos
33%
Dália
22%
Papoila
20%
Gerbera
17%
Malmequer
17%
Anturio
11%
Amor Perfeito
8%
Gerânio
6%
Gardénia
5%
Nenhum quiz correspondente encontrado
Distribuição das Pontuações
Porcentagem de Pessoas com Cada Pontuação
Percentil de Números Respondidos
Sua Pontuação Histórica
Você não jogou esse quiz